000 00715nam a2200217 i 4500
001 76303
003 ES-MaACL
005 20250607063021.0
007 t|
008 040930s1968 sp ||||1| spa d
100 1 _aGuérin, Daniel,
_d1904-1988
_9240796
245 1 3 _aLa descolonización del negro americano /
_cDaniel Guerin ; [traducción por Aníbal Froufe].
260 _aMadrid :
_bTecnos,
_c[1968]
300 _a213 p. ;
_c22 cm.
490 1 _aColección "Tercer Mundo"
650 4 _aDiscriminación racial-
_zEstados Unidos.
_9147463
700 1 _aFroufe, Aníbal.
_952758
830 0 _aColección "Tercer Mundo"
_9231292
852 _aES-MaACL
_jC-46949
_bR.67382
999 _c76303
_d76303